Neskrotná

Corporate Author: Walt Disney Pictures
Language: Slovak
Published: V Prahe : Egmont, 2012
Edition: 1. vyd.
Physical Description: [30] s. : barev. il. ; 20 cm
Book
Saved in:
LEADER 01362nam a2200445 a 4500
001 nkc20132437470
003 CZ PrNK
005 20130308125302.0
007 ta
008 130121s2012 xr a b 000 j slo
015 |a cnb002437470 
020 |a 978-80-252-2315-4  |q (váz.) 
035 |a (OCoLC)820695013 
040 |a BOA001  |b cze  |d ABA001 
041 1 |a slo  |h eng 
072 7 |a 821-93  |x Literatura pro děti a mládež (beletrie)  |2 Konspekt  |9 26 
080 |a 821-32  |2 MRF 
080 |a 821-93  |2 MRF 
080 |a (0:82-32)  |2 MRF 
080 |a (0.025.2)  |2 MRF 
245 0 0 |a Neskrotná 
250 |a 1. vyd. 
260 |a V Prahe :  |b Egmont,  |c 2012 
300 |a [30] s. :  |b barev. il. ;  |c 20 cm 
500 |a Přeloženo z angličtiny? 
500 |a Nad názvem: Disney-Pixar 
500 |a Kartonové listy 
655 7 |a příběhy  |7 fd133204  |2 czenas 
655 7 |a publikace pro děti  |7 fd133156  |2 czenas 
655 7 |a leporela  |7 fd132727  |2 czenas 
655 9 |a stories  |2 eczenas 
655 9 |a children's literature  |2 eczenas 
655 9 |a folding picture-books  |2 eczenas 
710 2 |a Walt Disney Pictures  |7 kn20081124002 
765 0 |t Brave  |9 Slovensky 
910 2 |a BOA001  |b M1-1298.701 
990 |a BK 
995 |a 01 
991 |b 201302  |e db 
996 6 |b 2610536679  |c M1-1298.701  |l MZK  |r Sklad / do 24 hodin  |n 0  |p p.v.  |w 001310049  |u 000010  |a 1  |e BOA001  |j MZK50  |s P